000 00360nam a2200109Ia 4500
008 171211s9999 xx 000 0 und d
245 4 _aThe Gift of ADHD: How to Transform Your Child's Problems into Strengths
245 _cLara Honos-Webb PhD and Scott Shannon MD
260 _c2010
650 _xFITNESS
856 _uhttp://down.ebook777.com/062/1572248505.pdf
999 _c349059
_d349059